[Event "Hamburg ch"]
[Site "?"]
[Date "1997.??.??"]
[Round "3"]
[White "Movsziszian, K."]
[Black "Buhr, CC."]
[Result "1-0"]
[WhiteElo "2490"]
[BlackElo "2290"]
[PlyCount "81"]
[EventDate "1997.??.??"]

1. Nf3 Nf6 2. g3 d5 3. Bg2 c6 4. O-O Bg4 5. c4 Nbd7 6. cxd5 cxd5 7. Nc3 e6 8.
d3 Be7 9. e4 O-O 10. h3 Bxf3 11. Qxf3 d4 12. Nb1 Rc8 13. Nd2 b5 14. h4 Qa5 15.
Qd1 Rfd8 16. Nf3 e5 17. Bh3 Rc6 18. Bg5 Qc7 19. Rc1 h6 20. Rxc6 Qxc6 21. Bxd7
Qxd7 22. Nxe5 Qe6 23. Bxf6 Bxf6 24. Ng4 Be7 25. a3 Rc8 26. Nh2 Qa2 27. Qb1 Qb3
28. Nf3 Bf6 29. Rd1 g5 30. hxg5 hxg5 31. Ne1 Qe6 32. Rc1 Rb8 33. Rc5 Qg4 34.
Rf5 Kg7 35. Nf3 Rh8 36. Qa2 Qh5 37. Kf1 Rc8 38. Qb1 Qg4 39. Qd1 Rh8 40. Qb3 a6
41. Qxf7+ 1-0

[Event "Hamburg ch"]
[Site "?"]
[Date "1997.??.??"]
[Round "3"]
[White "Lindinger, M."]
[Black "Fries-Nielsen, JO."]
[Result "0-1"]
[WhiteElo "2145"]
[BlackElo "2415"]
[PlyCount "120"]
[EventDate "1997.??.??"]

1. d4 d5 2. c4 Nc6 3. Nc3 dxc4 4. d5 Ne5 5. f4 Ng6 6. e4 e6 7. Bxc4 Bc5 8. Nf3
Nf6 9. Bb5+ Bd7 10. dxe6 fxe6 11. f5 exf5 12. exf5 Qe7+ 13. Qe2 Qxe2+ 14. Kxe2
Bxb5+ 15. Nxb5 O-O-O 16. Re1 Rhe8+ 17. Kf1 Rxe1+ 18. Kxe1 Ne7 19. Bf4 Nfd5 20.
Be5 Nxf5 21. Rc1 Bb6 22. a3 a6 23. Nc3 Nxc3 24. Rxc3 Ne3 25. Bxc7 Nxg2+ 26. Kf1
Bxc7 27. Kxg2 h6 28. Re3 Kd7 29. Ne5+ Bxe5 30. Rxe5 Re8 31. Rd5+ Kc6 32. Rd2
Re3 33. Kf1 g5 34. Rf2 Re6 35. Rf7 b6 36. Rf5 Kd6 37. Kf2 Ke7 38. Rd5 Rd6 39.
Re5+ Kf6 40. Re2 Rd3 41. Rc2 Rb3 42. Re2 g4 43. Kg2 h5 44. Kg1 Kf5 45. Kg2 Kf4
46. Kf2 b5 47. Rc2 h4 48. a4 Ke4 49. Re2+ Kd4 50. axb5 axb5 51. Kf1 Rf3+ 52.
Kg1 b4 53. Re8 Kd3 54. Rc8 h3 55. b3 Kd2 56. Rc4 Rxb3 57. Rxg4 Kc3 58. Rh4 Kb2
59. Kf2 Ka3 60. Rh8 Rc3 0-1

[Event "Hamburg ch"]
[Site "?"]
[Date "1997.??.??"]
[Round "3"]
[White "Lamprecht, F."]
[Black "Rogozenko, D."]
[Result "0-1"]
[WhiteElo "2400"]
[BlackElo "2530"]
[PlyCount "116"]
[EventDate "1997.??.??"]

1. d4 Nf6 2. c4 g6 3. Nc3 Bg7 4. e4 d6 5. Nf3 O-O 6. Be2 e5 7. O-O Nc6 8. d5
Ne7 9. b4 Nh5 10. Qb3 h6 11. c5 f5 12. a4 Kh8 13. cxd6 cxd6 14. b5 Nf4 15. Bxf4
exf4 16. Rad1 fxe4 17. Nxe4 Nf5 18. Qb4 g5 19. h3 a5 20. bxa6 bxa6 21. a5 Bd7
22. Rb1 Bb5 23. Bxb5 axb5 24. Qxb5 Rxa5 25. Qd3 Qa8 26. Rfd1 Qa7 27. Rb5 Ra2
28. Rdb1 Qa6 29. R5b3 Qxd3 30. Rxd3 Re8 31. Ned2 Bf6 32. Rb7 Kg8 33. Rb4 Ra1+
34. Rb1 Ra4 35. Rdb3 Kf7 36. Rb4 Ra5 37. Rb5 Ra2 38. Kf1 Bc3 39. Rb7+ Kg6 40.
Re1 Rxe1+ 41. Kxe1 Nh4 42. Kd1 Nxf3 43. Nxf3 Rxf2 44. Rb6 Rxg2 45. Rxd6+ Kf5
46. Rc6 Ba5 47. Ra6 Ke4 48. Rxa5 Kxf3 49. d6 Rb2 50. d7 Rb8 51. Rd5 Rd8 52. Ke1
Kg2 53. h4 f3 54. Rd2+ Kg1 55. hxg5 hxg5 56. Rf2 Rxd7 57. Rxf3 Re7+ 58. Kd2 Kg2
0-1

[Event "Hamburg ch"]
[Site "?"]
[Date "1997.??.??"]
[Round "3"]
[White "Meyer, F."]
[Black "Murdzia, P."]
[Result "1/2-1/2"]
[WhiteElo "2290"]
[BlackElo "2425"]
[PlyCount "31"]
[EventDate "1997.??.??"]

1. e4 c6 2. d4 d5 3. exd5 cxd5 4. Bd3 Qc7 5. c3 Nc6 6. Nf3 Bg4 7. h3 Bh5 8. O-O
Nf6 9. Bg5 e6 10. Nbd2 Be7 11. Bh4 Bg6 12. Bg3 Bd6 13. Bxd6 Qxd6 14. Qe2 Bxd3
15. Qxd3 O-O 16. Rfe1 1/2-1/2

[Event "Hamburg ch"]
[Site "?"]
[Date "1997.??.??"]
[Round "3"]
[White "Berg, K."]
[Black "Wendt, JD."]
[Result "1/2-1/2"]
[WhiteElo "2410"]
[BlackElo "2285"]
[PlyCount "50"]
[EventDate "1997.??.??"]

1. e4 c5 2. Nc3 Nc6 3. f4 g6 4. Nf3 Bg7 5. Bb5 Nd4 6. O-O Nxb5 7. Nxb5 d6 8. d3
Nf6 9. Qe1 Bd7 10. Nc3 Bc6 11. e5 Nd5 12. Ne4 Nb4 13. Qf2 O-O 14. a3 Bxe4 15.
dxe4 Nc6 16. exd6 Qxd6 17. e5 Qd5 18. Be3 b6 19. Rfd1 Qc4 20. b3 Qe6 21. Ng5
Qf5 22. Qf3 Nd4 23. Bxd4 cxd4 24. Qe4 Qxe4 25. Nxe4 f6 1/2-1/2

[Event "Hamburg ch"]
[Site "?"]
[Date "1997.??.??"]
[Round "3"]
[White "Pajeken, W."]
[Black "Gustafsaon, J."]
[Result "1/2-1/2"]
[WhiteElo "2260"]
[BlackElo "2355"]
[PlyCount "58"]
[EventDate "1997.??.??"]

1. Nf3 c5 2. c4 Nc6 3. g3 g6 4. Bg2 Bg7 5. O-O e6 6. e3 Nge7 7. Nc3 d5 8. cxd5
exd5 9. d4 cxd4 10. Nxd4 Nxd4 11. exd4 Be6 12. Bg5 f6 13. Bf4 Qd7 14. Re1 g5
15. Bd2 Rc8 16. Qe2 Rc6 17. Qh5+ Bf7 18. Qe2 Be6 19. Qh5+ Kf8 20. Qe2 h5 21. h3
Kf7 22. Rac1 g4 23. h4 Re8 24. Qb5 a6 25. Qb3 Rec8 26. Ne2 Ng6 27. Nc3 Ne7 28.
Ne2 Rxc1 29. Bxc1 Kg8 1/2-1/2

[Event "Hamburg ch"]
[Site "?"]
[Date "1997.??.??"]
[Round "3"]
[White "Ritscher, JP."]
[Black "Voigt, M."]
[Result "0-1"]
[WhiteElo "2320"]
[BlackElo "2235"]
[PlyCount "178"]
[EventDate "1997.??.??"]

1. d4 Nf6 2. Nd2 d5 3. e3 c6 4. Bd3 Qc7 5. Ngf3 Bg4 6. c3 Nbd7 7. Qc2 e5 8.
dxe5 Nxe5 9. Nxe5 Qxe5 10. Nb3 Bd6 11. h3 Bd7 12. Bd2 c5 13. Be2 O-O 14. c4
dxc4 15. Bxc4 Ne4 16. Bc3 Nxc3 17. Qxc3 Bc6 18. Qxe5 Bxe5 19. Nxc5 Bxg2 20. Rg1
Bxh3 21. Nd3 Rfe8 22. Rg5 Bf6 23. Rc5 Rac8 24. Rxc8 Rxc8 25. Bd5 Rd8 26. Nf4 g5
27. Bxf7+ Kxf7 28. Nxh3 g4 29. Nf4 Bxb2 30. Rb1 Bc3+ 31. Kf1 Rd7 32. Rb5 a6 33.
Rb6 Be5 34. Kg2 Ke8 35. Kg3 Bc7 36. Rh6 Rg7 37. Kh4 Bd8+ 38. Kg3 Bc7 39. Kh4
Bd8+ 40. Kg3 Bg5 41. Rb6 Bxf4+ 42. exf4 Kf8 43. f5 Kg8 44. a4 h5 45. Kh4 Rh7
46. a5 Kf8 47. Rb3 Ke8 48. Kg5 Rf7 49. Rb6 Rc7 50. Kxh5 Rc2 51. Kxg4 Rxf2 52.
Kg5 Ra2 53. Rxb7 Rxa5 54. Kg6 Ra1 55. Rb8+ Kd7 56. f6 Rg1+ 57. Kf7 Kc7 58. Ra8
Kb7 59. Rg8 Rf1 60. Rg7 Kb6 61. Rg5 a5 62. Ke6 a4 63. f7 a3 64. Rg1 Rxf7 65.
Kxf7 Kb5 66. Ke6 Kb4 67. Kd5 a2 68. Kd4 Kb3 69. Kd3 Kb2 70. Rg2+ Kb1 71. Kc3
a1=Q+ 72. Kd3 Qa3+ 73. Ke2 Kc2 74. Kf2 Qe7 75. Kf3+ Kd3 76. Kf2 Qf6+ 77. Kg1
Qh4 78. Rh2 Qe1+ 79. Kg2 Ke4 80. Rh1 Qe2+ 81. Kg1 Kf3 82. Rh3+ Kg4 83. Rh2 Qd1+
84. Kf2 Qd2+ 85. Kg1 Qc1+ 86. Kf2 Qd1 87. Kg2 Qe1 88. Rh1 Qe2+ 89. Kg1 Kg3 0-1

[Event "Hamburg ch"]
[Site "?"]
[Date "1997.??.??"]
[Round "3"]
[White "Maahs, E."]
[Black "Dankert, P."]
[Result "1-0"]
[WhiteElo "2235"]
[BlackElo "2305"]
[PlyCount "32"]
[EventDate "1997.??.??"]

1. e4 c5 2. Nc3 Nc6 3. g3 e6 4. Bg2 Nf6 5. f4 d6 6. d3 Be7 7. Nh3 e5 8. Nd5
Nxd5 9. exd5 Nb8 10. O-O O-O 11. fxe5 dxe5 12. Qh5 Bxh3 13. Qxh3 Nd7 14. Be4 g6
15. Bh6 Re8 16. Rxf7 Nf6 1-0

[Event "Hamburg ch"]
[Site "?"]
[Date "1997.??.??"]
[Round "3"]
[White "Neffe, A."]
[Black "von Buelow, G."]
[Result "0-1"]
[WhiteElo "2230"]
[BlackElo "2290"]
[PlyCount "44"]
[EventDate "1997.??.??"]

1. e4 e5 2. f4 exf4 3. Nf3 d6 4. d4 g5 5. h4 g4 6. Ng1 f5 7. Qe2 Qe7 8. Nc3 Nf6
9. e5 dxe5 10. dxe5 Nh5 11. Nd5 Qc5 12. Nf6+ Nxf6 13. exf6+ Kf7 14. Bxf4 Bd6
15. Qd2 Rd8 16. Bxd6 Qxd6 17. Qh6 Qg3+ 18. Ke2 Nc6 19. c3 b6 20. Qxh7+ Ke6 21.
Nf3 gxf3+ 22. gxf3 Ba6+ 0-1

[Event "Hamburg ch"]
[Site "?"]
[Date "1997.??.??"]
[Round "3"]
[White "Heinemann, T."]
[Black "Trisic, A."]
[Result "1-0"]
[WhiteElo "2425"]
[BlackElo "2245"]
[PlyCount "80"]
[EventDate "1997.??.??"]

1. e4 c5 2. Nf3 d6 3. d4 cxd4 4. Nxd4 Nf6 5. Nc3 a6 6. f4 e6 7. Qf3 Qb6 8. Nb3
Qc7 9. g4 b5 10. Bd3 Bb7 11. g5 Nfd7 12. Qh3 g6 13. Be3 Bg7 14. Bd4 e5 15. fxe5
Nxe5 16. O-O-O b4 17. Nd5 Bxd5 18. exd5 Nbd7 19. Kb1 O-O 20. Qg2 Rfc8 21. h4 a5
22. h5 a4 23. Nc1 Nf8 24. hxg6 fxg6 25. Rh4 a3 26. b3 Nf3 27. Qxf3 Bxd4 28. Ne2
Be5 29. Rxb4 Qg7 30. Qg4 Rc7 31. Rf1 Rf7 32. Rxf7 Qxf7 33. Qg2 Re8 34. c3 Qg7
35. Kc2 Nd7 36. Rb7 Re7 37. b4 Nf8 38. Rxe7 Qxe7 39. Kb3 Nd7 40. Bb5 Bg7 1-0

[Event "Hamburg ch"]
[Site "?"]
[Date "1997.??.??"]
[Round "3"]
[White "Bathke, J."]
[Black "Breyther, R."]
[Result "1-0"]
[WhiteElo "2235"]
[BlackElo "2415"]
[PlyCount "69"]
[EventDate "1997.??.??"]

1. e4 c5 2. f4 g6 3. Nf3 Bg7 4. Be2 Nc6 5. O-O d6 6. d3 Nf6 7. Na3 O-O 8. Qe1
Bg4 9. c3 d5 10. h3 Bxf3 11. Bxf3 e6 12. e5 Nd7 13. c4 Nd4 14. Qf2 Nb8 15. Nc2
Nbc6 16. Nxd4 Nxd4 17. Be3 Nxf3+ 18. Qxf3 b6 19. cxd5 Qxd5 20. Qxd5 exd5 21. d4
Rfc8 22. Rac1 cxd4 23. Bxd4 Rc4 24. Rfd1 Bf8 25. b3 Rcc8 26. Be3 Rxc1 27. Rxc1
Rd8 28. Bd4 Bc5 29. Bxc5 bxc5 30. Rxc5 d4 31. Kf2 d3 32. Ke1 d2+ 33. Kd1 Rd3
34. Rc8+ Kg7 35. Rc7 1-0

[Event "Hamburg ch"]
[Site "?"]
[Date "1997.??.??"]
[Round "3"]
[White "Kues, H."]
[Black "Gara, A."]
[Result "1/2-1/2"]
[WhiteElo "2205"]
[BlackElo "2285"]
[PlyCount "169"]
[EventDate "1997.??.??"]

1. e4 c5 2. Nc3 Nc6 3. f4 g6 4. Nf3 Bg7 5. Bc4 e6 6. f5 Nge7 7. fxe6 fxe6 8.
O-O d5 9. Bb5 O-O 10. Bxc6 Nxc6 11. d3 Nd4 12. Nxd4 Bxd4+ 13. Kh1 Rxf1+ 14.
Qxf1 Qh4 15. Bf4 Bd7 16. Bg3 Qg5 17. Qc1 Qxc1+ 18. Rxc1 Bc6 19. exd5 exd5 20.
Re1 Rf8 21. Nd1 Ba4 22. b3 Bc6 23. c3 Bf6 24. Bd6 Rc8 25. Bxc5 Bb5 26. d4 b6
27. Ba3 Bg5 28. h3 Bd2 29. Re7 Rf8 30. Ne3 Bxe3 31. Rxe3 Rf2 32. Bd6 Rxa2 33.
Re7 Bf1 34. g3 Bxh3 35. c4 dxc4 36. bxc4 Ra4 37. Kh2 Bf1 38. c5 Rxd4 39. Rxa7
bxc5 40. Bxc5 Rd5 41. Bb4 Bd3 42. Ra8+ Kg7 43. Ra7+ Kh6 44. Bf8+ Kg5 45. Rxh7
Be4 46. Be7+ Kg4 47. Rh4+ Kf3 48. Rf4+ Ke3 49. Rh4 g5 50. Rh6 g4 51. Rd6 Rh5+
52. Bh4 Rb5 53. Rd1 Rb2+ 54. Kg1 Rg2+ 55. Kf1 Rh2 56. Bg5+ Kf3 57. Ke1 Kxg3 58.
Rd2 Rh5 59. Bd8 Rh7 60. Bf6 Rh1+ 61. Ke2 Bf3+ 62. Ke3 Re1+ 63. Kd4 Re4+ 64. Kd3
Kh3 65. Bd4 g3 66. Ra2 g2 67. Bf2 Re1 68. Ra7 g1=Q 69. Bxg1 Rxg1 70. Ke3 Kg3
71. Rg7+ Bg4 72. Kd2 Kf2 73. Kc3 Rg3+ 74. Kd2 Kf3 75. Rf7+ Ke4 76. Re7+ Kd4 77.
Rg7 Rg2+ 78. Ke1 Ke3 79. Re7+ Kf3 80. Rf7+ Kg3 81. Rg7 Re2+ 82. Kf1 Re4 83. Rg8
Kf3 84. Rf8+ Ke3 85. Kg2 1/2-1/2

[Event "Hamburg ch"]
[Site "?"]
[Date "1997.??.??"]
[Round "3"]
[White "Putzbach, G."]
[Black "Schueler, W."]
[Result "0-1"]
[WhiteElo "2255"]
[BlackElo "2190"]
[PlyCount "114"]
[EventDate "1997.??.??"]

1. e4 e6 2. d4 d5 3. Nd2 dxe4 4. Nxe4 Nd7 5. Nf3 Ngf6 6. Bd3 Be7 7. O-O O-O 8.
Qe2 Nxe4 9. Qxe4 Nf6 10. Qh4 Bd7 11. Ne5 Bc6 12. Bg5 h6 13. Ng4 Qd5 14. Qh3
Qxg5 15. Ne5 Nd5 16. Nf3 Qf6 17. Ne1 Nf4 18. Qe3 Nxd3 19. Qxd3 Rad8 20. c3 e5
21. Rd1 exd4 22. cxd4 a6 23. Qc3 Bb5 24. Qxc7 Bxf1 25. Kxf1 Rfe8 26. Nf3 Qc6
27. Qxc6 bxc6 28. Rc1 Bf6 29. Rxc6 Bxd4 30. b3 Bf6 31. g3 Re6 32. Rc4 Rd1+ 33.
Kg2 Re2 34. Ra4 Ra1 35. a3 Raa2 36. g4 g5 37. Rxa6 Rxf2+ 38. Kg3 Kg7 39. Rb6
Rg2+ 40. Kh3 Rgb2 41. a4 Ra3 42. Rb5 Rbxb3 43. Rxb3 Rxb3 44. Kg3 Ra3 45. a5
Rxa5 46. Kh3 Ra3 47. Kg2 Rxf3 48. Kxf3 Be5 49. h3 Kf6 50. Ke3 Ke6 51. Ke4 Bf4
52. h4 Bg3 53. h5 Bf4 54. Kf3 Ke5 55. Kg2 Bd2 56. Kf3 f6 57. Ke2 Kf4 0-1

[Event "Hamburg ch"]
[Site "?"]
[Date "1997.??.??"]
[Round "4"]
[White "Rogozenko, D."]
[Black "Movsziszian, K."]
[Result "1-0"]
[WhiteElo "2530"]
[BlackElo "2490"]
[PlyCount "75"]
[EventDate "1997.??.??"]

1. d4 g6 2. c4 Bg7 3. e4 d6 4. Nc3 Nc6 5. d5 Nd4 6. Be3 c5 7. Nge2 Qb6 8. Na4
Qa5+ 9. Bd2 Qc7 10. Bc3 e5 11. dxe6 Nxe6 12. Bxg7 Nxg7 13. Nac3 Be6 14. Nb5
Qa5+ 15. Nec3 O-O-O 16. Qd2 Ne8 17. Be2 a6 18. Na3 Ne7 19. O-O Nc6 20. Nc2 f5
21. exf5 Bxf5 22. Bd3 Ng7 23. a3 Bxd3 24. Qxd3 Ne5 25. Qh3+ Kb8 26. Ne3 Qc7 27.
Rfd1 h5 28. b4 Qf7 29. Ne4 cxb4 30. axb4 Nxc4 31. b5 Nxe3 32. Qxe3 Nf5 33. Qd3
d5 34. bxa6 b6 35. Nc3 Rd7 36. Qb5 Qe6 37. Rxd5 Nd4 38. Qxd7 1-0

[Event "Hamburg ch"]
[Site "?"]
[Date "1997.??.??"]
[Round "4"]
[White "Fries Nielsen, JO."]
[Black "Bach, M."]
[Result "1/2-1/2"]
[WhiteElo "2415"]
[BlackElo "2305"]
[PlyCount "25"]
[EventDate "1997.??.??"]

1. e4 c5 2. Nf3 Nf6 3. e5 Nd5 4. d4 cxd4 5. Qxd4 e6 6. Bc4 Nc6 7. Qe4 Nb6 8.
Bb3 d5 9. exd6 Bxd6 10. O-O Nd7 11. Bg5 Nc5 12. Bxd8 Nxe4 13. Bh4 1/2-1/2

[Event "Hamburg ch"]
[Site "?"]
[Date "1997.??.??"]
[Round "4"]
[White "Hegeler, F."]
[Black "Lindinger, M."]
[Result "1/2-1/2"]
[WhiteElo "2310"]
[BlackElo "2145"]
[PlyCount "64"]
[EventDate "1997.??.??"]

1. d4 Nf6 2. Nf3 g6 3. b3 Bg7 4. Bb2 O-O 5. g3 d6 6. Bg2 e5 7. dxe5 Ng4 8. O-O
Nc6 9. c4 Ngxe5 10. Nxe5 Nxe5 11. Nc3 Be6 12. Qd2 c6 13. Rad1 Qa5 14. Na4 Qxd2
15. Rxd2 Rfe8 16. h3 f5 17. Rfd1 Nf7 18. Bxg7 Kxg7 19. e3 Re7 20. Nc3 Rae8 21.
Ne2 Bc8 22. h4 Kf6 23. Nf4 Re5 24. b4 Ke7 25. Nd3 Re6 26. Nf4 Re5 27. b5 Rc5
28. Rd4 Be6 29. Bf1 Rd8 30. a4 Ne5 31. Nxe6 Kxe6 32. Kg2 cxb5 1/2-1/2

[Event "Hamburg ch"]
[Site "?"]
[Date "1997.??.??"]
[Round "4"]
[White "von Buelow, G."]
[Black "Engelbert, C."]
[Result "1/2-1/2"]
[WhiteElo "2290"]
[BlackElo "2255"]
[PlyCount "41"]
[EventDate "1997.??.??"]

1. e4 g6 2. d4 Bg7 3. Nc3 d6 4. Be3 c6 5. Qd2 b5 6. h3 Nd7 7. Nf3 a6 8. Bd3 c5
9. a4 b4 10. Ne2 a5 11. O-O cxd4 12. Nfxd4 Bb7 13. Ng3 Ngf6 14. Rae1 O-O 15. f3
Ne5 16. f4 Nxd3 17. cxd3 Nd7 18. f5 Ne5 19. fxg6 hxg6 20. Kh1 e6 21. Bg5
1/2-1/2

[Event "Hamburg ch"]
[Site "?"]
[Date "1997.??.??"]
[Round "4"]
[White "Maahs, E."]
[Black "Buhr, C.C."]
[Result "0-1"]
[WhiteElo "2235"]
[BlackElo "2290"]
[PlyCount "72"]
[EventDate "1997.??.??"]

1. e4 c5 2. Nc3 Nc6 3. g3 g6 4. Bg2 Bg7 5. d3 e6 6. Nh3 Nge7 7. Be3 Nd4 8. O-O
d6 9. Qd2 e5 10. f4 O-O 11. Nd1 f5 12. c3 Ne6 13. Ndf2 Rb8 14. fxe5 dxe5 15.
Bh6 b6 16. Bxg7 Kxg7 17. Rad1 h6 18. exf5 gxf5 19. Qe2 Ng6 20. g4 f4 21. Be4
Nh4 22. Kh1 Ba6 23. Ng1 Ng5 24. Nf3 Nhxf3 25. Bxf3 Nxf3 26. Qxf3 Bb7 27. Ne4
Qe8 28. Rg1 Qg6 29. h4 Rbd8 30. Kh2 c4 31. h5 Qh7 32. g5 Qf5 33. gxh6+ Kh8 34.
h7 cxd3 35. Rg8+ Rxg8 36. hxg8=Q+ Rxg8 0-1

[Event "Hamburg ch"]
[Site "?"]
[Date "1997.??.??"]
[Round "4"]
[White "Kroencke, M."]
[Black "Berg, K."]
[Result "0-1"]
[WhiteElo "2185"]
[BlackElo "2410"]
[PlyCount "96"]
[EventDate "1997.??.??"]

1. e4 c6 2. d4 d5 3. exd5 cxd5 4. c4 Nf6 5. Nc3 e6 6. Nf3 Bb4 7. cxd5 Nxd5 8.
Qc2 Nc6 9. Be2 Be7 10. a3 Bf6 11. O-O O-O 12. Rd1 Nxc3 13. bxc3 b6 14. Qe4 Bb7
15. Bd3 g6 16. Bh6 Bg7 17. Qf4 Rc8 18. Be4 Na5 19. Bxb7 Nxb7 20. Rac1 Nd6 21.
Bxg7 Kxg7 22. d5 Re8 23. dxe6 Rxe6 24. Ng5 Rf6 25. Qd4 Qe7 26. Re1 Nf5 27. Rxe7
Nxd4 28. Rd1 Nc6 29. Red7 Re8 30. f3 h6 31. Ne4 Rfe6 32. Kf2 R8e7 33. Rxe7 Rxe7
34. c4 Ne5 35. Rd4 Rc7 36. Nd2 Kf6 37. h3 Ke6 38. f4 Nc6 39. Rd5 Na5 40. Rd4
Nb7 41. g4 Nd6 42. Ke3 f5 43. Kd3 b5 44. gxf5+ gxf5 45. h4 Rc8 46. a4 bxa4 47.
Rd5 Nxc4 48. Rd4 Nb2+ 0-1

[Event "Hamburg ch"]
[Site "?"]
[Date "1997.??.??"]
[Round "4"]
[White "Murdzia, P."]
[Black "Lamprecht, F."]
[Result "1-0"]
[WhiteElo "2425"]
[BlackElo "2400"]
[PlyCount "71"]
[EventDate "1997.??.??"]

1. d4 d5 2. c4 c6 3. Nc3 e6 4. e4 dxe4 5. Nxe4 Nf6 6. Nxf6+ Qxf6 7. Nf3 Bb4+ 8.
Bd2 Bxd2+ 9. Qxd2 O-O 10. O-O-O Nd7 11. Qe3 c5 12. h4 cxd4 13. Rxd4 Nc5 14. Ne5
a5 15. g4 Qe7 16. g5 Ra6 17. h5 Rd6 18. Rxd6 Qxd6 19. g6 f6 20. Nf7 Rxf7 21.
gxf7+ Kxf7 22. Be2 Qc7 23. Rg1 h6 24. b3 e5 25. Qg3 Kf8 26. Qg6 Be6 27. Bg4 Bf7
28. Qc2 e4 29. Qd2 Nd3+ 30. Kb1 Qe5 31. f3 f5 32. fxe4 Qxe4 33. Bd1 Nb4+ 34.
Kb2 Nd3+ 35. Kc3 Ne5 36. Re1 1-0

[Event "Hamburg ch"]
[Site "?"]
[Date "1997.??.??"]
[Round "4"]
[White "Bathke, J."]
[Black "Heinemann, T."]
[Result "1/2-1/2"]
[WhiteElo "2235"]
[BlackElo "2425"]
[PlyCount "155"]
[EventDate "1997.??.??"]

1. e4 c5 2. f4 Nc6 3. Nf3 e6 4. Bb5 Nge7 5. O-O a6 6. Be2 d5 7. d3 g6 8. e5 Bg7
9. c3 f6 10. Be3 d4 11. cxd4 Nf5 12. Bf2 Nfxd4 13. Nc3 fxe5 14. fxe5 O-O 15.
Ne4 Nxe5 16. Nxd4 cxd4 17. Qb3 Qd5 18. Bh4 Qxb3 19. Rxf8+ Bxf8 20. axb3 Bd7 21.
Nf6+ Kg7 22. Nxd7 Nxd7 23. Bf3 Nc5 24. b4 Nxd3 25. b5 Re8 26. bxa6 bxa6 27.
Rxa6 Nxb2 28. Ra7+ Kg8 29. Bf6 Nd3 30. Bxd4 Bc5 31. Bxc5 Nxc5 32. Rc7 Nd3 33.
Be2 Ne5 34. Rc5 Nf7 35. Bc4 Kg7 36. Rc7 Kf6 37. Be2 Rb8 38. h3 Rb2 39. Bf3 Ng5
40. Rc3 Rd2 41. h4 Nf7 42. Kh2 Ne5 43. Kg3 h6 44. Ra3 g5 45. hxg5+ hxg5 46. Re3
Rd3 47. Rxd3 Nxd3 48. Be4 Ne5 49. Kf2 Nd7 50. Bc6 Nc5 51. Kf3 Kf5 52. Ke3 Na6
53. Kd4 Nc7 54. Ke3 Nd5+ 55. Kf3 Nf6 56. Bb7 Ke5 57. Bc8 Kd6 58. Ke3 Kd5 59.
Bb7+ Ke5 60. Bc8 Nd5+ 61. Kf3 Kf5 62. Bb7 Nf6 63. Bc6 g4+ 64. Kg3 e5 65. Kf2 e4
66. Bb7 Ke5 67. Bc8 Kd4 68. g3 Kd3 69. Ba6+ Kd2 70. Be2 e3+ 71. Kf1 Kc2 72. Ke1
Kc3 73. Ba6 Ne4 74. Bc8 Nf2 75. Ke2 Kd4 76. Bd7 Ke4 77. Bc8 Nd3 78. Bxg4
1/2-1/2

[Event "Hamburg ch"]
[Site "?"]
[Date "1997.??.??"]
[Round "4"]
[White "Gustafsson, J."]
[Black "Wendt, JD."]
[Result "1-0"]
[WhiteElo "2355"]
[BlackElo "2285"]
[PlyCount "59"]
[EventDate "1997.??.??"]

1. d4 Nf6 2. c4 e6 3. Nc3 Bb4 4. e3 b6 5. Nge2 c5 6. a3 Ba5 7. Bd2 O-O 8. Ng3
Bb7 9. Rb1 cxd4 10. exd4 Bxc3 11. Bxc3 d5 12. c5 bxc5 13. dxc5 e5 14. Bxe5 Re8
15. f4 Nfd7 16. Be2 Nxc5 17. b4 Ncd7 18. Ba1 Nf8 19. O-O Nbd7 20. Kh1 Nf6 21.
Bb5 Re6 22. Nf5 Ba6 23. Bxa6 Rxa6 24. Qd3 Rc6 25. Qg3 Ng6 26. Nxg7 Kxg7 27. f5
d4 28. fxg6 fxg6 29. Rbd1 Rd6 30. Qf4 1-0

[Event "Hamburg ch"]
[Site "?"]
[Date "1997.??.??"]
[Round "4"]
[White "Meyer, F."]
[Black "Pajeken, W."]
[Result "1/2-1/2"]
[WhiteElo "2290"]
[BlackElo "2260"]
[PlyCount "193"]
[EventDate "1997.??.??"]

1. d4 Nf6 2. Nc3 c5 3. dxc5 Qa5 4. Nf3 e6 5. Bd2 Bxc5 6. e3 Qd8 7. Bd3 d5 8.
O-O Nc6 9. a3 O-O 10. b4 Bd6 11. Qe2 e5 12. e4 dxe4 13. Nxe4 Nxe4 14. Qxe4 f5
15. Qd5+ Kh8 16. Ng5 e4 17. Bc4 Ne5 18. Bb3 h6 19. Bc3 hxg5 20. Bxe5 Bxe5 21.
Qxe5 Qf6 22. Qc7 Qd8 23. Qc3 Qf6 24. Qh3+ Qh6 25. Qe3 Bd7 26. Rad1 Bc6 27. Qc5
a6 28. Rd6 Rf6 29. Rfd1 Rxd6 30. Rxd6 g6 31. Qc3+ Qg7 32. Qh3+ Qh7 33. Qg3 g4
34. h3 Rf8 35. h4 Qh6 36. Qe5+ Qg7 37. Qf4 Kh7 38. Kh2 Qh6 39. Kg3 Qg7 40. Kh2
Qh6 41. g3 Qxf4 42. gxf4 Kg7 43. Kg3 Re8 44. Re6 Rxe6 45. Bxe6 Kh6 46. Bc8 Bd5
47. c3 Kh5 48. a4 Kh6 49. c4 Bxc4 50. Bxb7 Bd3 51. Bc6 Bc2 52. a5 Bb3 53. Bd7
Bc4 54. Ba4 Bd5 55. b5 axb5 56. Bxb5 Bb7 57. a6 Bc8 58. a7 Bb7 59. Be8 Kh5 60.
Bf7 Ba8 61. Kh2 Bb7 62. Kg1 Bc6 63. Kf1 Ba8 64. Ke2 Kxh4 65. Bxg6 g3 66. fxg3+
Kxg3 67. Ke3 Kg4 68. Bf7 Kg3 69. Bc4 Kg4 70. Be6 Bb7 71. Kd4 Kxf4 72. Bd5 e3
73. Bxb7 e2 74. a8=Q e1=Q 75. Qb8+ Kg4 76. Qg8+ Kf4 77. Qb3 Qe5+ 78. Kc4 Qe2+
79. Kb4 Qd2+ 80. Kb5 Qd4 81. Qf3+ Ke5 82. Qg3+ Kf6 83. Qg8 Qd3+ 84. Kb6 Qd4+
85. Ka6 Qa4+ 86. Kb6 Qd4+ 87. Kc6 Qc3+ 88. Kd7 Qd4+ 89. Bd5 Qa7+ 90. Kc6 Qa6+
91. Kc5 Qa5+ 92. Kc4 Qa4+ 93. Kd3 Qa3+ 94. Ke2 Qb2+ 95. Kf3 Qc3+ 96. Kf2 Qd2+
97. Kf1 1/2-1/2

[Event "Hamburg ch"]
[Site "?"]
[Date "1997.??.??"]
[Round "4"]
[White "Schueler, W."]
[Black "Ritscher, J.P."]
[Result "0-1"]
[WhiteElo "2190"]
[BlackElo "2320"]
[PlyCount "90"]
[EventDate "1997.??.??"]

1. c4 e6 2. Nf3 d5 3. cxd5 exd5 4. d4 f5 5. Bf4 Nf6 6. e3 Bd6 7. Ne5 O-O 8. Bd3
Qe7 9. Bg3 Bxe5 10. dxe5 Ng4 11. f4 Nxe3 12. Qf3 Qb4+ 13. Nd2 d4 14. Bf2 Ng4
15. Qd5+ Kh8 16. Bxd4 Nc6 17. Bc5 Qxf4 18. Rf1 Ne3 19. Qf3 Nxg2+ 20. Kd1 Qxf3+
21. Rxf3 Rd8 22. Bf1 Nh4 23. Re3 Rd5 24. Rc1 Be6 25. Ke1 Rad8 26. Nb3 Rxe5 27.
Rxe5 Nxe5 28. Be7 Nhf3+ 29. Kf2 Rd7 30. Bb4 Bxb3 31. axb3 Nxh2 32. Re1 Nhg4+
33. Kg3 h6 34. Bc3 Ng6 35. Re8+ Kh7 36. Bc4 Nf6 37. Rb8 b6 38. Be6 Rd3+ 39. Kf2
Ne4+ 40. Kf1 Nh4 41. Ke2 Rd6 42. Bg8+ Kg6 43. Be5 Rd2+ 44. Kf1 Nf3 45. Bf4 Rf2#
0-1

[Event "Hamburg ch"]
[Site "?"]
[Date "1997.??.??"]
[Round "4"]
[White "Dankert, P."]
[Black "Neffe, A."]
[Result "0-1"]
[WhiteElo "2305"]
[BlackElo "2230"]
[PlyCount "56"]
[EventDate "1997.??.??"]

1. d4 Nf6 2. Nf3 e6 3. c4 c5 4. d5 b5 5. dxe6 fxe6 6. cxb5 d5 7. e3 Bd6 8. Nc3
Nbd7 9. Be2 Bb7 10. O-O O-O 11. b3 Qe7 12. Bb2 Kh8 13. Nd2 e5 14. f3 e4 15.
fxe4 d4 16. exd4 cxd4 17. Na4 Nxe4 18. Nf3 Ng3 19. hxg3 Qe3+ 20. Rf2 Bxg3 21.
Bxd4 Bxf2+ 22. Kf1 Qxd4 23. Qxd4 Bxd4 24. Rd1 Ne5 25. Rxd4 Nxf3 26. Bxf3 Bxf3
27. gxf3 Rxf3+ 28. Ke2 Rh3 0-1

[Event "Hamburg ch"]
[Site "?"]
[Date "1997.??.??"]
[Round "4"]
[White "Trisic, A."]
[Black "Kues, H."]
[Result "1/2-1/2"]
[WhiteElo "2245"]
[BlackElo "2205"]
[PlyCount "112"]
[EventDate "1997.??.??"]

1. Nf3 Nf6 2. d4 d5 3. e3 c6 4. Bd3 g6 5. Nbd2 Bg7 6. Ne5 O-O 7. f4 Bf5 8. Bxf5
gxf5 9. g4 fxg4 10. h3 g3 11. Qf3 Ne8 12. Qg4 Nd6 13. Rg1 e6 14. Nf1 Kh8 15.
Nxg3 Bxe5 16. fxe5 Rg8 17. Qf4 Nf5 18. Bd2 Qg5 19. Qxg5 Rxg5 20. Kf2 Nd7 21. e4
Rxg3 22. exf5 Rxg1 23. Rxg1 Rg8 24. Rg4 exf5 25. Rf4 Rg6 26. Rxf5 Kg8 27. Be3
b6 28. Kf3 c5 29. c3 c4 30. h4 h6 31. Rf4 b5 32. Rg4 Kh8 33. h5 Ra6 34. a3 Re6
35. Kf4 Rb6 36. Kf3 a5 37. Bd2 Nf8 38. Be1 Ne6 39. Rg2 Ng7 40. Kg4 Ne6 41. Rf2
Kg7 42. Rf6 Rb7 43. Bd2 b4 44. axb4 axb4 45. Bxh6+ Kh7 46. Bd2 bxc3 47. Bxc3
Ra7 48. Rf1 Kh6 49. Rf6+ Kh7 50. Rf1 Kh6 51. Kf5 Ng7+ 52. Kg4 Ne6 53. Kh4 Kh7
54. Rf6 Kg8 55. Rf1 Kg7 56. Kg4 Kh6 1/2-1/2